Представление документа в формате RUSMARC

ПолеНазваниеЗначение
  Тип записи a
  Библиографический уровень m
001 Контрольный номер Book/11102
005 Дата корректировки 20240209174438.3
010 Индекс ISBN __
a ISBN 978-5-699-39315-2
b Уточнения в пер.
d Цена 184 р. 80 к.
9 Тираж 5 000 экз.
090 Данные записи __
a Состояние записи 72
b Тип записи Книги
c Язык записи Русский
d Отрасль знаний (КСУ) Другая
e Секретность Несекретно
g Вид записи Монография (однотомник)
x Дата передачи записи для обработки К51
100 Данные общей обработки __
a Данные общей обработки 20110905d2013 u u 1rusy ||||ca
101 Язык документа 0_
a Язык текста rus
105 Кодированные данные (монография) __
a Кодированные данные (монография) a z 000yy
200 Заглавие и сведения об ответственности 1_
a Заглавие Что такое наука?
b Общее обозначение материала Текст
e Сведения, относящиеся к заглавию энциклопедия для любознательных
f Первые сведения об ответственности А. Клэйберн
g Последующие сведения об ответственности пер. с англ. М. Мельниченко
210 Выходные данные 1_
a Место издания Москва
c Издательство ЭКСМО
d Дата издания 2010
215 Физическое описание __
a Объем 95, [1] с.
c Иллюстрации/тип воспроизводства ил.
300 Общие примечания __
a Общие примечания Ограничения по возрасту - 6+
606 Тематические рубрики 0_
a Основная рубрика Наука - Энциклопедии
610 Ключевые слова 0_
a Ключевые слова наука
a Ключевые слова энциклопедии детские
a Ключевые слова история науки
a Ключевые слова открытия научные
686 Индексы других классификаций __
a Классификационный индекс 72.3я2
2 Код системы rubbk
700 Автор _1
a Фамилия Клэйберн
b Имя (инициалы) Анна
g Полное личное имя А.
801 Источник записи _0
a Страна RU
b Организация МБУК ЦБС г. Ульяновска
c Дата составления 20110906
801 Источник записи _1
a Страна RU
b Организация МБУК ЦБС г. Ульяновска
c Дата составления 20110906
801 Источник записи _2
a Страна RU
b Организация МБУК ЦБС г. Ульяновска
c Дата составления 20120808
899 Данные о местонахождении __
3 Книга № 47337
a Местонахождение 9 ф
i Авторский знак К 51
j Расстановочный фильтр 72
d Название фонда Инв.книга №1
q Состояние Свободно
x Инвентарный номер 147586
899 Данные о местонахождении __
3 Книга № 47338
a Местонахождение 12 ф
i Авторский знак К51
d Название фонда Инв.книга №1
h Классификационная часть РШ 72
q Состояние Свободно
x Инвентарный номер 147586
899 Данные о местонахождении __
3 Книга № 47339
a Местонахождение 33 ф
i Авторский знак К51
d Название фонда Инв.книга №1
h Классификационная часть РШ 72
q Состояние Свободно
x Инвентарный номер 147586
899 Данные о местонахождении __
3 Книга № 33915
a Местонахождение 25 ф
i Авторский знак К51
d Название фонда Инв.книга №1
h Классификационная часть РШ 72
q Состояние Свободно
x Инвентарный номер 147586
899 Данные о местонахождении __
3 Книга № 22659
a Местонахождение 13 ф
i Авторский знак К51
d Название фонда Инв.книга №1
h Классификационная часть РШ 72
q Состояние Свободно
x Инвентарный номер 147586
899 Данные о местонахождении __
3 Книга № 34870
a Местонахождение 11 ф
i Авторский знак К51
d Название фонда Инв.книга №1
h Классификационная часть РШ 72
q Состояние Свободно
x Инвентарный номер 147586
901 Тип документа __
t Тип документа m
910 Корректоры записи __
a Корректор записи Егорова